| 000 | 00749nam a22002297a 4500 | ||
|---|---|---|---|
| 003 | BUBTL | ||
| 008 | 221117b ||||| |||| 00| 0 eng d | ||
| 020 | _a9847002001816 | ||
| 082 | _a801/ Z131e/ 2012 | ||
| 100 |
_94918 _aZafor, Dr Md Abu |
||
| 245 |
_aTexts on English Literary Criticism/ _cDr Md Abu Zafor |
||
| 250 | _a1st Edn. | ||
| 260 |
_aDhaka _bFriends' Book Corner _cc2012 |
||
| 300 |
_a591 p.: _c21 cm |
||
| 440 |
_94919 _aFriend' Annotated Classics |
||
| 500 | _aInclude Bibliography | ||
| 505 | _aTexts on English Literary Criticism, Dr Md Abu Zafor, Friends' Annotated Classics | ||
| 650 | 0 |
_91994 _aEnglish Literature |
|
| 856 |
_k0 _l0 _yDownload |
||
| 942 |
_2ddc _cBK |
||
| 999 |
_c6804 _d6804 |
||